Trabajo y empleo de la mujer /

Zapisane w:
Opis bibliograficzny
1. autor: Triana, Miryam Luz
Format: Texto
Hasła przedmiotowe:
Etykiety: Dodaj etykietę
Nie ma etykietki, Dołącz pierwszą etykiete!

MARC

LEADER 00000 a a2200000 04500
001 12502
003
040
100 |a Triana, Miryam Luz  
245 |a Trabajo y empleo de la mujer /  |c Miryam Luz Triana 
650 |a MUJERES  
650 |a TRABAJO DOMESTICO  
650 |a MERCADO DE TRABAJO  
773 |g volumen 8, número 30; páginas 7-8  
999 |c 32246  |d 32246